00481nam a2200145 a 450000500170000000800410001702000180005805000370007624500920011326000480020530000160025344000330026950000210030265000120032320140412111241.0001117s19uu xx 00 eng d a0-15-330202-X aTR(GS 428.6bC898Ri HBJ L.4 1989 aRibbons (think and write, student generated activities) /cBernice E. Cullinan, et. al. aOrlando :bHarcout Brace Jovanovich,c1989. a1 v. (unp.) aHBJ Reading Program, Level 4 aContent: Ribbons aReading